000 00373 a2200097 4500
245 0 0 _aOchrona przed promieniowaniem optycznym - Mierniki promieniowania nadfioletowego Ogólne wymagania i badania PN-79/T-06590 /
_cCIOchr.Pracy.
246 1 3 _aPN-79/T-06590
246 1 3 _a613.648:535-31:614.875:535.08
260 _aWarszawa :
_bCIOchr.Pracy,
_c1979.
300 _a4 stron ;
_c30 cm.
650 _aPolska norma
999 _c21480
_d21480